000 00286nam a22001217a 4500
008 171016b xxu||||| |||| 00| 0 eng d
041 _aeng
080 _23 ED
_a33
100 _a52
101 _aECO
245 _aAN INTRODUCTION REGIONAL ECONOMICS
_cHOOVER.E.M
942 _2udc
_cBK
999 _c34052
_d34052